| 000 | 00490cam a2200145 4500500 | ||
|---|---|---|---|
| 005 | 20260201142214.0 | ||
| 041 | _afre | ||
| 042 | _adc | ||
| 100 | 1 | 0 |
_aDiop, Alioune _eauthor |
| 245 | 0 | 0 | _aNote sur le poids de l'occidentalité dans l'expérience chrétienne |
| 260 | _c2005. | ||
| 500 | _a48 | ||
| 786 | 0 | _nPrésence Africaine | 172 | 2 | 2005-06-01 | p. 97-105 | 0032-7638 | |
| 856 | 4 | 1 | _uhttps://shs.cairn.info/revue-presence-africaine-2005-2-page-97?lang=fr&redirect-ssocas=7080 |
| 999 |
_c1642808 _d1642808 |
||